Southville International School and Colleges
Your cart is empty.
  • Cart
  • Lists
    Public lists Eva Luna New books Lux_list list_1
    Your lists Log in to create your own lists
  • Log in to your account
  • Your cookies
  • Search history
Southville International School and Colleges
  • Advanced search
  • Recent comments
  • Most popular
  • Libraries

Log in to your account

Log in with GOOGLE


If you do not have an external account, but do have a local account, you can still log in:

  1. Home
  2. MARC view: Lance Armstrong's war :
Normal view MARC view ISBD view

Lance Armstrong's war : (Record no. 339689)

[ view plain ]
MARC details
000 -LEADER
fixed length control field 00736nam a2200265Ia 4500
008 - FIXED-LENGTH DATA ELEMENTS--GENERAL INFORMATION
fixed length control field 170711s9999 xx 000 0 und d
020 ## - INTERNATIONAL STANDARD BOOK NUMBER
International Standard Book Number 9780061783715
050 ## - LIBRARY OF CONGRESS CALL NUMBER
Classification number 920
050 ## - LIBRARY OF CONGRESS CALL NUMBER
Item number C881 2005
100 ## - MAIN ENTRY--PERSONAL NAME
Personal name Coyle, Daniel
245 ## - TITLE STATEMENT
Title Lance Armstrong's war :
245 ## - TITLE STATEMENT
Remainder of title one man's battle against fate, fame, love, death, scandal, and a few other rivals on the road to the tour de France.
245 ## - TITLE STATEMENT
Statement of responsibility, etc by Daniel Coyle.
260 ## - PUBLICATION, DISTRIBUTION, ETC. (IMPRINT)
Place of publication, distribution, etc New York :
260 ## - PUBLICATION, DISTRIBUTION, ETC. (IMPRINT)
Name of publisher, distributor, etc Harper,
260 ## - PUBLICATION, DISTRIBUTION, ETC. (IMPRINT)
Date of publication, distribution, etc 2005
300 ## - PHYSICAL DESCRIPTION
Extent xiv, 375 pages :
300 ## - PHYSICAL DESCRIPTION
Other physical details illustrations ;
300 ## - PHYSICAL DESCRIPTION
Dimensions 20cm.
650 ## - SUBJECT ADDED ENTRY--TOPICAL TERM
Topical term or geographic name as entry element Armstrong, Lance.
650 ## - SUBJECT ADDED ENTRY--TOPICAL TERM
Topical term or geographic name as entry element Cyclists --
650 ## - SUBJECT ADDED ENTRY--TOPICAL TERM
Topical term or geographic name as entry element Cyclists.
650 ## - SUBJECT ADDED ENTRY--TOPICAL TERM
General subdivision United States -- Biography.
700 ## - ADDED ENTRY--PERSONAL NAME
Personal name Title.

No items available.

Lance Armstrong's war :

APA

Coyle D., Title, .Lance Armstrong's war. New York: .

Chicago

Coyle Daniel, Title, .Lance Armstrong's war. New York: .

Harvard

Coyle D., Title, .Lance Armstrong's war. New York: .

MLA

Coyle Daniel, Title, .New York: . .

  • Print
  • Cite
  • Add to your cart (remove)
  • Save record
    BIBTEX Dublin Core MARCXML MARC (non-Unicode/MARC-8) MARC (Unicode/UTF-8) MARC (Unicode/UTF-8, Standard) MODS (XML) RIS
  • More searches
    Search for this title in:
    Other Libraries (WorldCat) Other Databases (Google Scholar) Online Stores (Bookfinder.com) Open Library (openlibrary.org)

Exporting to Dublin Core...

SOUTHVILLE LIBRARY

Southville International School and Colleges Library

1281 Tropical Ave. Cor. Luxembourg St., BF Homes International, Las Pinas City

Tel. No. 8256374 / 252358 Loc. 117/146

Powered by Koha